Регионална библиотека "Любен Каравелов" - Русе

Бенвенуто Челлини (Запис номер 301875)

MARC детайли
000 -Лидер
Контролно поле с фиксирана дължина 01245ncm a2200337 c 4500
003 - Код на организацията, давaща контролен номер
Контролно поле BLK
005 - Дата и час на последна редакция
Контролно поле 20180421003434.0
008 - Елементи от данни с фиксирана дължина
fixed length control field 180414b bul |a|er|||| |0| c|bulo|
010 ## - Наследен системен номер
LC control number NOT00001278000
040 ## - Източник на каталожния запис
Идентификатор на билиотеката - собственик на записа BLK
041 ## - Код за език
Код за езика на текст/звукозапис или на отделно заглавие Руски
Код за езика КДБФ Руски
080 ## - УДК
Текстов определител УДК Увертюри, прелюдии към драматични произведения
УДК код - определител по УДК 785.11.086.1
УДК определител
УДК - код + определител 785.11.086.1
080 ## - УДК
Текстов определител УДК Опера. Музикална драма. Романтична опера. Опера-приказка
УДК код - определител по УДК 782.1
УДК определител
УДК - код + определител 782.1
100 1# - Редна дума - Автор
Автор Берлиоз, Хектор
Авторска отговорност първи автор
R(LIN) 38567
139 ## - Редно поле
Редна дума Берлиоз, Хектор
Авторски знак Бер - Б 38
245 10 - Сведения за заглавието
Заглавие Бенвенуто Челлини
Подзаглавни данни Увертюра към операта
Редно поле (дума) Хектор Берлиоз; * Hector Berlioz.
246 11 - Различни форми на заглавието
Паралелно заглавие Benvenuto Cellini
Подзаглавни данни Overture
254 ## - Сведения за формата на нотното издание
Формат на описваните ноти Партитура
257 ## - Страна на издаване
Страна на създаване/издаване Русия
260 ## - Област на издателските данни
-- Москва
Име на издателя, разпространителя и проч. Музыка 6057
Година на издаване 1970
300 ## - Физическа характеристика
Страници 64 с.
Размери/Мащаб 20 см
380 ## - Жанр
Жанр Изкуство
650 #4 - Допълнително описание по предмет – тема
Основно описание – тема или топоним Увертюри
9 (RLIN) 174542
653 ## - Ключова дума – ненормативна
Ключова дума оперни увертюри
700 1# - Други автори (авторска отговорност)
Лично име Berlioz, Hector
Автороска отговорност (Описва отношението между автора и произведението) *
9 (RLIN) 5051
852 ## - Местоположение
Форматна сигнатура ЦБ М 1008
Част 0
856 4# - Електронен адрес и достъп
Електронен формат pdf - файл
Път до файла /url/
856 4# - Електронен адрес и достъп
Електронен формат pdf - файл
Път до файла /url/
942 ## - АРТИКУЛИ
Вид на библиотечния материал Нотни издания
Скрит в OPAC Не
944 ## - СЪЗДАВАНЕ И РЕДАКЦИЯ на ЗАПИСА
Създаване/Редакция Създаване
Дата на регистрацията/редакция 15.06.2005
Служител, извършил регистрацията/редакцията Ирена_Линкова
944 ## - СЪЗДАВАНЕ И РЕДАКЦИЯ на ЗАПИСА
Създаване/Редакция Редакция
Дата на регистрацията/редакция 30.11.2006
Служител, извършил регистрацията/редакцията
999 ## - СИСТЕМНИ КОНТРОЛНИ НОМЕРА
Koha biblionumber 301875
Koha biblioitemnumber 301875
Наличности
Код за отписване Код за изгубен артикул Източник на класификационната схема Код за повреда Коз за рестрикции Код за отдаване Артикулен № Име на библиотеката - собственик Име на библиотеката, в която се намира в момента Статус (Текущо местоположение) Дата на вписване в системата Местоположение - отдел Цена в лева Инвентарен номер Систематично азбучна сигнатура Баркод Номер на екземпляра Цена в евро Служебна бележка Служебен тип на артикула
  Не е изгубен Universal Decimal Classification Не е повреден само за читалня ползва се в читалня 653191 Регионална библиотека "Любен Каравелов" Русе Регионална библиотека "Любен Каравелов" Русе Хранилище 1970-01-01 Хранилище 0.40 85814 ЦБ М 1008 120000085814 1 0.20 Дост: Pk Вид: Ф N: стар фонд Дата: 01.01.1970 Нотни издания
Vip Innovations Ltd, Rousse, Bulgaria 2025